000
00308nam a2200121Ia 4500
008
190216s9999||||xx |||||||||||||| ||und||
100
_a
Thomas C J
245
0
_a
Aa Manushian Nee Tanne
260
_b
Sahithya Pravarthaka Sahakarana Sangam
_c
1996
300
_a
76p
650
_a
Malayalam Nadakam
942
_c
BK
999
_c
26128
_d
26128